| 000 | 01937cam a2200529 c 4500 | ||
|---|---|---|---|
| 001 | 1645540464 | ||
| 003 | DE-627 | ||
| 005 | 20260205092956.0 | ||
| 007 | tu | ||
| 008 | 890130s1988 xx ||||| 00| ||ger c | ||
| 015 |
_a88,A43,1177 _2dnb |
||
| 016 | 7 |
_a881235601 _2DE-101 |
|
| 020 | _a3325001394 | ||
| 035 | _a(DE-627)1645540464 | ||
| 035 | _a(DE-576)017088089 | ||
| 035 | _a(DE-599)DNB881235601 | ||
| 035 | _a(OCoLC)75036320 | ||
| 035 | _a(OCoLC)75036320 | ||
| 040 |
_aDE-627 _bger _cDE-627 _erakwb |
||
| 041 | _ager | ||
| 044 | _cXA-DDDE | ||
| 084 |
_aERD 408 FRA _2sfb |
||
| 084 |
_a61 _2sdnb |
||
| 084 |
_a9,10 _2ssgn |
||
| 084 |
_aRC 15841 _2rvk _0(DE-625)rvk/142223:12883 |
||
| 084 |
_aLK 28670 _2rvk _0(DE-625)rvk/97736: |
||
| 245 | 0 | 0 |
_aFrankfurt (Oder) _cDie Fotografien von Heinz Köhler. Der Text von Helga Glöckner-Neubert |
| 250 | _a1. Aufl. | ||
| 264 | 1 |
_aLeipzig _bBrockhaus-Verl. _c1988 |
|
| 300 |
_a16, [62] S. _bIll. |
||
| 336 |
_aunbewegtes Bild _bsti _2rdacontent |
||
| 337 |
_aohne Hilfsmittel zu benutzen _bn _2rdamedia |
||
| 338 |
_aBand _bnc _2rdacarrier |
||
| 490 | 0 | _aBrockhaus-Souvenir | |
| 583 | 1 |
_aArchivierung prüfen _c20200919 _fDE-640 _z2 _2pdager |
|
| 583 | 1 |
_aArchivierung/Langzeitarchivierung gewährleistet _fSSG _2pdager _5DE-16 |
|
| 583 | 1 |
_aArchivierung prüfen _c20240324 _fDE-4165 _z1 _2pdager |
|
| 655 | 7 |
_aBildband _0(DE-588)4145395-5 _0(DE-627)104450835 _0(DE-576)209741139 _2gnd-content |
|
| 700 | 1 |
_81\p _aKöhler, Heinz _d1941- _eIll. _0(DE-588)1325981818 _0(DE-627)1885706960 _4ill |
|
| 700 | 1 |
_82\p _aGlöckner-Neubert, Helga _d1938-2017 _eMitarb. _0(DE-588)1019869445 _0(DE-627)691042268 _0(DE-576)359018629 _4oth |
|
| 883 |
_81\p _acgwrk _d20250301 _qDE-101 _uhttps://d-nb.info/provenance/plan#cgwrk |
||
| 883 |
_82\p _acgwrk _d20250301 _qDE-101 _uhttps://d-nb.info/provenance/plan#cgwrk |
||
| 936 | r | v | _aRC 15841 |
| 936 | r | v | _aLK 28670 |
| 942 |
_2z _cB |
||
| 951 | _aBO | ||
| 999 |
_c374228 _d374228 |
||